000 00523nam a2200181Ia 4500
008 090123s9999 xx 000 0 und d
082 _b15685
_a891.463/आचा
100 _aआचार्य नयना शाम
245 _aउधान
250 _a1
260 _bपरिमल प्रकाशन
300 _a174
600 _aआचार्य नयना शाम
630 _aउधान
700 _aआचार्य नयना शाम
730 _aउधान
942 _cBOOK
999 _c53746
_d53746